Financial independence through common stocks.

Bibliographic Details
Main Author: Merritt, Robert D.
Format: Book
Language:English
Published: Boston : United Business Service, [1952]
Subjects:

MARC

Tag First Indicator Second Indicator Subfields
LEADER 00000cam a2200000 4500
001 in00000055124
005 20151008052154.0
008 751125s1952 maua 00000 eng
010 |a  53001275  
035 |a (OCoLC)01852890 
035 |9 AAH2043AM 
040 |a DLC  |c TXL  |d TXA  |d UtOrBLW 
049 |a TXAM  |c [220809] 
050 0 0 |a HG 4661  |b .M4 
092 |a 332.63  |b M572f 
100 1 |a Merritt, Robert D. 
245 1 0 |a Financial independence through common stocks. 
264 1 |a Boston :  |b United Business Service,  |c [1952] 
264 4 |c [©1952] 
300 |a 346 pages :  |b illustrations ;  |c 21 cm. 
336 |a text  |b txt  |2 rdacontent 
337 |a unmediated  |b n  |2 rdamedia 
338 |a volume  |b nc  |2 rdacarrier 
650 0 |a Stocks. 
999 |a MARS 
999 f f |s 808d20c1-7b19-36e7-b394-0acbdedc3205  |i 16cb556c-d314-31d9-8894-5d8011a5737d  |t 0 
952 f f |p ric  |a Texas A&M University  |b Rellis Campus  |c Joint Library Facility  |d Remote Storage  |t 0  |e HG 4661 .M4  |h Library of Congress classification  |i unmediated -- volume  |m A14800736349 
998 f f |a HG 4661 .M4  |t 0  |l Remote Storage